|
|
|
|
| LEADER |
02193nam a2200373 a 4500 |
| 001 |
15572689 |
| 003 |
BD-DhAAL |
| 005 |
20250116153608.0 |
| 008 |
090708s2007 bg ab b 001 0 eng d |
| 010 |
|
|
|a 2008419297
|
| 020 |
|
|
|a 984300000965
|
| 040 |
|
|
|a DLC
|c DLC
|d BD-DhAAL
|
| 082 |
0 |
0 |
|a 954.92
|2 22
|
| 245 |
0 |
0 |
|a Cultural history /
|c edited by K.M. Mohsin and Sharif Uddin Ahmed.
|
| 260 |
|
|
|a Dhaka :
|b Asiatic Society of Bangladesh,
|c 2007.
|
| 300 |
|
|
|a xxxi, 646 pages :
|b illustrations, map ;
|c 25 cm.
|
| 490 |
0 |
|
|a Cultural survey of Bangladesh series ;
|v 4
|
| 504 |
|
|
|a Includes bibliographical references and index.
|
| 520 |
|
|
|a Contributed articles published under the Cultural Survey of Bangladesh Project; translated from Bengali.
|
| 526 |
|
|
|x Aanmona priyadarshini
Research assistant
Pathways of women empowerment
BDI
Course name and no.N/A
|
| 541 |
1 |
|
|a Pathways of women empowerment
BDI
|e 18802
|
| 650 |
|
0 |
|a Bangladesh
|x Civilization.
|9 25803
|
| 700 |
1 |
|
|a Mohsin, K. M.
|q (Khan Mohammad)
|9 25804
|
| 700 |
1 |
|
|a Ahmed, Sharif Uddin.
|9 25805
|
| 710 |
2 |
|
|a Asiatic Society of Bangladesh.
|9 25806
|
| 710 |
2 |
|
|a Cultural Survey of Bangladesh Project.
|9 25807
|
| 852 |
4 |
|
|a Ayesha Abed Library
|j General Shelf.
|
| 942 |
|
|
|2 ddc
|c BK
|
| 999 |
|
|
|c 2349
|d 2349
|
| 952 |
|
|
|0 0
|1 0
|2 ddc
|4 0
|6 954_920000000000000_CUL
|7 0
|9 17654
|a BIGD
|b BIGD
|c GEN
|d 2011-07-28
|l 0
|o 954.92 CUL
|p 3050018802
|r 2011-07-28
|t 1
|w 2011-07-28
|y BK
|x Transferred from BDI to BIGD.Requisitioned by Aanmona priyadarshini Research assistant, Pathways of women empowerment BDI. Course name and no.N/A
|
| 952 |
|
|
|0 0
|1 0
|2 ddc
|4 0
|6 954_920000000000000_CUL
|7 0
|9 21535
|a BRACUL
|b BRACUL
|c REF
|d 2012-12-15
|l 0
|o 954.92 CUL
|p 3010026330
|r 2012-12-15
|t 2
|w 2012-12-15
|y BK
|
| 952 |
|
|
|0 0
|1 0
|2 ddc
|4 0
|6 954_920000000000000_CUL
|7 0
|9 21536
|a BRACUL
|b BRACUL
|c REF
|d 2012-12-15
|l 0
|o 954.92 CUL
|p 3010026331
|r 2012-12-15
|t 3
|w 2012-12-15
|y BK
|
| 952 |
|
|
|0 0
|1 0
|2 ddc
|4 0
|6 954_920000000000000_CUL
|7 0
|9 43528
|a SCL
|b SCL
|c GEN
|d 2013-10-01
|g 560.00
|l 3
|m 1
|o 954.92 CUL
|p 3020007641
|r 2025-03-21
|s 2025-03-18
|t 4
|w 2014-08-30
|y BK
|
| 952 |
|
|
|0 0
|1 0
|2 ddc
|4 0
|6 954_920000000000000_CUL
|7 0
|9 44078
|a BRACUL
|b BRACUL
|c REF
|d 2014-11-17
|l 0
|o 954.92 CUL
|p 3010017542
|r 2014-11-17
|t 5
|w 2014-11-17
|y BK
|